书目信息 |
| 题名: |
奥林匹克体操
|
|
| 作者: | 俞继英 主编 | |
| 分册: | ||
| 出版信息: | 北京 人民体育出版社 2001 |
|
| 页数: | 612页 | |
| 开本: | 20cm | |
| 丛书名: | 奥运会项目大全丛书 | |
| 单 册: | ||
| 中图分类: | G832.7 | |
| 科图分类: | ||
| 主题词: | 竞技体操--基本知识 | |
| 电子资源: | ||
| ISBN: | 7-5009-2116-0 | |
| 000 | 00623nam2 2200217 45 | |
| 001 | 0404131488 | |
| 005 | 20040127050944.5 | |
| 010 | @a7-5009-2116-0@dCNY30.00 | |
| 100 | @a20040413d2001 km y0chiy0120 ea | |
| 101 | 0 | @achi |
| 105 | @aa z 000yy | |
| 200 | 1 | @a奥林匹克体操@AAo Lin Pi Ke Ti Cao@f俞继英主编@FYu Ji Ying Zhu Bian |
| 210 | @a北京@c人民体育出版社@d2001 | |
| 215 | @a612页@c图@d20cm | |
| 225 | @a奥运会项目大全丛书 | |
| 410 | @12001 @a奥运会项目大全丛书 | |
| 606 | 0 | @a竞技体操@x基本知识 |
| 690 | @aG832.7@v4 | |
| 701 | 0 | @a俞继英@4主编 |
| 801 | @aCN@bTSTC@c20040413 | |
| 905 | @b332586-590@dG832.7@e47@f5 | |
| 奥林匹克体操/俞继英主编.-北京:人民体育出版社,2001 |
| 612页:图;20cm.-(奥运会项目大全丛书) |
| ISBN 7-5009-2116-0:CNY30.00 |
| ● |
| 相关链接 |
|
|
|
|
正题名:奥林匹克体操
索取号:G832.7/47
 
预约/预借
| 序号 | 登录号 | 条形码 | 馆藏地/架位号 | 状态 | 备注 |
| 1 | 0332586 | 203325865 | 第四借阅区/ [索取号:G832.7/47] | 在馆 | |
| 2 | 0332587 | 203325874 | 第四借阅区/ [索取号:G832.7/47] | 在馆 | |
| 3 | 0332588 | 203325883 | 第四借阅区/ [索取号:G832.7/47] | 在馆 | |
| 4 | 0332589 | 203325892 | 第四借阅区/ [索取号:G832.7/47] | 在馆 | |
| 5 | 0332590 | 203325909 | 第一样本阅览室/ [索取号:G832.7/47] | 在馆 |